000 01135naa a22002777a 4500
001 BR8905525
003 BR-BrBNA
005 20240918180548.0
007 ta
008 230509b bl.||||| |||| 00| 0 por d
040 _aBR-BrBNA
_bpor
_cBiblioteca Nacional de Agricultura
041 _a(Pt)
072 _aH10; H20
090 _aH10 BR8905525
100 1 _aViegas, E. de C.
111 1 _a2. Congresso de Engenheiros Agronomos do Estado do Rio de Janeiro
_cRio de Janeiro, RJ (Brazil)
_d4-7 Oct 1982
245 1 _aDocumento da camara de pragas e doencas
260 3 _aRio de Janeiro, RJ (Brasil):
_c1982.
500 _aAnais do 2. Congresso de Engenheiros Agronomos do estado do Rio de Janeiro. Terra, migracao, abastecimento Rio de Janeiro, RJ (Brasil): 1982. p. 72-74 (BR8905525-AM)H10
650 _aPRAGA DE PLANTA
650 _aDOENCA DE PLANTA
650 _aAGROTOXICO
773 0 _tAnais do 2. Congresso de Engenheiros Agronomos do estado do Rio de Janeiro. Terra, migracao, abastecimento
_wH10 BR8905525
_gRio de Janeiro, RJ (Brasil), 1982. p. 72-74
909 _a202404
_bLucia
_c55
_dLucia Elande
942 _cAM
_2AGRIS
999 _c321077
_d321077